000 00714nam a2200289Ia 4500
005 20260324150732.0
008 008 260324s9999 xx 000 0 eng d
020 _a9781315006932
037 _aEBOOK
040 _aCRL
040 _beng
040 _cCRL
041 _2eng
041 _aeng
084 _qCRL
100 _aAlexandre Beljame
_91227433
245 0 _aMen of Letters and the English Public in the 18th Century
245 0 _b1600-1744, Dryden, Addison, Pope
260 _bTaylor and Francis
260 _c1948
365 _a
365 _b89.99
856 _uhttp://www.taylorfrancis.com/books/9781315006932
942 _cEBOOK
999 _c1837422
_d1837422